| 000 | 00964nam a22002537a 4500 | ||
|---|---|---|---|
| 005 | 20170123162344.0 | ||
| 010 | _aB-050672 | ||
| 020 | _c200.00 | ||
| 035 | _aB-050672 | ||
| 037 | _bCen Lib/Ret | ||
| 040 |
_aDPL _bUR |
||
| 082 |
_a840 _bم ح ی |
||
| 100 |
_aمحی الدین بمبئی والا _9501 |
||
| 245 |
_aگجرات میں علمی و ادبی سرگرمیاں / _cمحی الدین بمبئی والا _bعلمی و ادبی سرگرمیاں / |
||
| 246 |
_aGujrat mein ilmi -o-adabi sargarmiyan / _bby Muhi-Ud-Din Bambai Wala |
||
| 260 |
_aنیی دہلی _bموڈرن پبلشنگ ہاؤس _c2001 |
||
| 270 |
_bنیی دہلی _a٩، گولہ مارکیٹ دریاگنج _e110002 |
||
| 300 |
_a176p. _c21cm(Hb) |
||
| 650 |
_aادب -- اردو _9142810 |
||
| 650 |
_a اردو تنقید _9142811 |
||
| 650 |
_aLiterature -- Urdu _9142812 |
||
| 650 |
_aUrdu criticism _9142813 |
||
| 942 |
_2ddc _cUR _h840 _mم ح ی |
||
| 999 |
_c108722 _d108722 |
||